Spotlight on value (Record no. 71130)

MARC details
000 -LEADER
fixed length control field 01238cam a2200265 4500
001 - CONTROL NUMBER
control field WB3833-19
008 - FIXED-LENGTH DATA ELEMENTS--GENERAL INFORMATION
fixed length control field 020910n2002 000 0 eng u
035 ## - SYSTEM CONTROL NUMBER
System control number (Sirsi) u119656
245 ## - TITLE STATEMENT
Title Spotlight on value
260 ## - PUBLICATION, DISTRIBUTION, ETC.
Date of publication, distribution, etc. 2002
490 ## - SERIES STATEMENT
Series statement Estates Gazette
Volume/sequential designation (0236) 7 September 2002, 146(1)
520 ## - SUMMARY, ETC.
Summary, etc. Looks at the professional's, in particular the valuer's duty of care in relation to third parties. Discusses "Raja v Austin Gray" in which valuers instructed by receivers owed a duty of care to all those known to have an interest in the equity of redemption in a mortgaged property. Possible claimants against negligent valuers could include the owner of property repossessed and resold by the mortgage lender. Full transcript available on Court Service website http://www.courtservice.gov.uk/View.do?id=1315&searchTerm=raja&ascending=false&index=0&maxIndex=2.
590 ## - LOCAL NOTE (RLIN)
Local note WB
650 ## - SUBJECT ADDED ENTRY--TOPICAL TERM
Topical term or geographic name entry element VALUERS
650 ## - SUBJECT ADDED ENTRY--TOPICAL TERM
Topical term or geographic name entry element DUTY OF CARE
650 ## - SUBJECT ADDED ENTRY--TOPICAL TERM
Topical term or geographic name entry element UNDERVALUE
650 ## - SUBJECT ADDED ENTRY--TOPICAL TERM
Topical term or geographic name entry element MORTGAGEES
650 ## - SUBJECT ADDED ENTRY--TOPICAL TERM
Topical term or geographic name entry element RECEIVERS
650 ## - SUBJECT ADDED ENTRY--TOPICAL TERM
Topical term or geographic name entry element RAJA V AUSTIN GRAY
650 ## - SUBJECT ADDED ENTRY--TOPICAL TERM
Topical term or geographic name entry element CUCKMERE BRICK CO V MUTUAL FINANCE LTD
650 ## - SUBJECT ADDED ENTRY--TOPICAL TERM
Topical term or geographic name entry element HUISH V ELLIS
650 ## - SUBJECT ADDED ENTRY--TOPICAL TERM
Topical term or geographic name entry element THIRD PARTIES
690 ## - LOCAL SUBJECT ADDED ENTRY--TOPICAL TERM (OCLC, RLIN)
Topical term or geographic name as entry element PROFESSIONAL PRACTICE-NEGLIGENCE-CASE LAW
942 ## - ADDED ENTRY ELEMENTS (KOHA)
Suppress in OPAC 0
Holdings
Withdrawn status Lost status Source of classification or shelving scheme Damaged status Not for loan Home library Current library Shelving location Date acquired Total Checkouts Full call number Barcode Date last seen Copy number Price effective from Koha item type
    Dewey Decimal Classification     London London News article 10/09/2002   WB3833-19 119656-1001 06/08/2019 1 06/08/2019 News article